[Event "Tradewise Gibraltar"]
[Site "Caleta ENG"]
[Date "2011.01.25"]
[Round "1"]
[White "Eesha Karavade"]
[Black "Gawain Jones"]
[Result "1/2-1/2"]
[WhiteElo "2353"]
[BlackElo "2593"]

1. Nf3 d6 2. d4 Nf6 3. c4 g6 4. Nc3 Bg7 5. e4 O-O 6. Be2 e5 7. Be3 Nbd7 8. O-O
c6 9. d5 c5 10. Ne1 Kh8 11. Nd3 Ng8 12. Qd2 Qe7 13. Rae1 f5 14. Bg5 Bf6 15.
Bxf6+ Ndxf6 16. exf5 gxf5 17. Bd1 Bd7 18. Kh1 b5 19. cxb5 Ne4 20. Nxe4 fxe4
21. Rxe4 Bxb5 22. Ree1 Qb7 23. Bc2 Nf6 24. f3 Qxd5 25. Qe3 Qxa2 26. Ra1 Qc4
27. Rfc1 Qd4 28. Qxd4 exd4 29. Nf4 Rfe8 30. Bb3 Re3 31. Bd5 Rae8 32. h3 R8e7
33. Kh2 d3 34. Rd1 R3e5 35. Ba2 c4 36. Rac1 Ba4 37. Bxc4 Bxd1 38. Rxd1 Rc5 39.
b3 Rf5 40. Ne6 Ra5 41. Nf4 d5 42. Bxd3 Rb7 43. Rc1 Rxb3 44. Rc8+ Kg7 45. Ne6+
Kf7 46. Bf5 Ne8 47. Bxh7 Kxe6 48. Rxe8+ Kf6 49. h4 Ra2 50. Kh3 a5 51. h5 a4
52. Bg8 Rb1 53. Bxd5 Rh1+ 54. Kg3 Rd2 55. Bg8 Rxh5 56. Ra8 Rg5+ 57. Kf4 Rgxg2
58. Ra6+ Ke7 59. Bh7 Ra2 60. Ke5 Rgd2 61. Bf5 a3 62. Ra7+ Kd8 63. Be6 Ra1 64.
f4 a2 65. Kf5 Rh2 66. Rd7+ Ke8 67. Ra7 Rf2 68. Bd5 Kd8 69. Be6 Rd2 70. Bc4 Rc2
71. Bb3 Rb2 72. Bc4 Kc8 73. Be6+ Kb8 74. Ra5 Kc7 75. Ra7+ Kb6 76. Ra8 Rf2 77.
Bd5 Kc5 78. Be6 Rb2 79. Ra5+ Kb4 80. Ra8 Rh2 81. Bf7 Kc5 82. Ra5+ Kc6 83. Ra8
Rb2 84. Be6 Kb7 85. Ra5 Rd2 86. Ra4 Rc2 87. Bf7 Rc5+ 88. Kf6 Rc6+ 89. Kf5 Ra6
90. Bd5+ Kb6 91. Rxa6+ Kxa6 92. Kf6 Kb5 93. f5 Kc5 94. Be6 Kd4 95. Kf7 Ke5 96.
f6 Rf1 97. Bxa2 Rxf6+ 98. Kg7 Kf5 99. Bb1+ Kg5 100. Ba2 Ra6 101. Bb3 Ra7+ 102.
Bf7 Rc7 103. Kg8 Kf6 104. Bb3 Rc3 105. Ba2 Rg3+ 106. Kh8 Kg6 107. Bb1+ Kh6
108. Ba2 Ra3 109. Bg8 Ra8 {#d} 1/2-1/2

[Event "Chinese Championship (Women)"]
[Site "Xinghua Jiangsu CHN"]
[Date "2011.03.30"]
[Round "1"]
[White "Zhao Xue"]
[Black "Ding Yixin"]
[Result "1/2-1/2"]
[WhiteElo "2495"]
[BlackElo "2376"]

1. d4 Nf6 2. c4 e6 3. Nf3 d5 4. Nc3 Bb4 5. Bg5 h6 6. Bxf6 Qxf6 7. e3 O-O 8.
Be2 dxc4 9. O-O c5 10. Ne4 Qe7 11. a3 cxd4 12. Qxd4 Ba5 13. Qxc4 Bd7 14. Qc5
Bd8 15. Ne5 Bc6 16. Nxc6 Nxc6 17. Rfd1 f5 18. Qxe7 Bxe7 19. Nd6 Rab8 20. Bc4
Kh7 21. Kf1 a6 22. Rd2 Kg6 23. e4 fxe4 24. Nxe4 e5 25. Rd7 Rfd8 26. Rad1 b5
27. Be2 Kf7 28. Rc7 Nd4 29. Bg4 Rb6 30. Nc5 Rc6 31. Rxc6 Nxc6 32. Nd7 Kg8 33.
g3 a5 34. h4 b4 35. a4 Nd4 36. Nxe5 Bc5 37. Nd7 Ba7 38. Rc1 h5 39. Bh3 Nf3 40.
Rc7 Bd4 41. Be6+ Kh7 42. b3 Re8 43. Bf5+ Kg8 44. Bg6 Rd8 45. Ke2 Ng1+ 46. Kf1
Nf3 47. Bxh5 Nd2+ 48. Ke2 Nxb3 49. Bg6 Bc3 50. Nc5 Be5 51. Re7 Bc3 52. Rc7 Be5
53. Re7 Bd6 54. Nxb3 Bxe7 55. Nxa5 Rd6 56. Bd3 Kf8 57. Kd2 Rb6 58. Nb3 Rc6 59.
a5 Rc3 60. Bc2 Bc5 61. Nxc5 Rxc5 62. a6 Ra5 63. Bd3 Ke7 64. Ke3 Ra2 65. Bc4
Ra3+ 66. Kd4 Kd6 67. h5 Kc7 68. g4 Kb6 69. g5 Rf3 70. h6 gxh6 71. gxh6 Rxf2
72. a7 Kxa7 73. Kc5 Rh2 74. Kxb4 Rxh6 75. Kc5 Kb7 76. Kd5 Kc7 77. Ke5 Kc6 78.
Bb3 Kc5 79. Bf7 Rh2 80. Ke4 Re2+ 81. Kd3 Re7 82. Bg8 Rd7+ 83. Ke4 Rd4+ 84. Ke3
Rh4 85. Bf7 Kd6 86. Kd3 Ke5 {#d} 1/2-1/2

[Event "13th Dubai Open"]
[Site "Dubai UAE"]
[Date "2011.04.16"]
[Round "7"]
[White "Davit Zarkua"]
[Black "Vadim Malakhatko"]
[Result "1/2-1/2"]
[WhiteElo "2397"]
[BlackElo "2546"]

1. d4 d5 2. Nf3 c6 3. c4 Nf6 4. Qb3 e6 5. Bg5 Qa5+ 6. Bd2 Qb6 7. Nc3 Qxb3 8.
axb3 b6 9. e3 Bb7 10. Bd3 Nbd7 11. e4 dxe4 12. Nxe4 c5 13. Nxf6+ Nxf6 14. dxc5
bxc5 15. Ke2 Be7 16. Ra5 O-O 17. Rha1 a6 18. Ne1 Nd7 19. Be3 f5 20. f3 Bd8 21.
R5a4 Bc7 22. h3 e5 23. Bc2 e4 24. fxe4 fxe4 25. Rd1 Rf7 26. b4 cxb4 27. Rxb4
Bc6 28. c5 Re7 29. Bb3+ Kf8 30. Bd5 Bxd5 31. Rxd5 Nf6 32. Rf5 Be5 33. Rxe4
Bxb2 34. Rxe7 Kxe7 35. Nd3 Bc3 36. c6 Ke6 37. Rc5 Nd5 38. c7 Rc8 39. Nf4+
Nxf4+ 40. Bxf4 Bf6 41. Rc6+ Kd7 42. Rd6+ Ke7 43. Rxa6 Kd7 44. Rd6+ Ke7 45. Rb6
Kd7 46. Kd3 Rxc7 47. Bxc7 Kxc7 48. Ra6 Kd7 49. Ke4 Ke7 50. Kf5 g6+ 51. Ke4 h5
52. Kd5 Kf7 53. Ra7+ Kg8 54. Ke6 Bd4 55. Ra4 Bc3 56. Rc4 Bb2 57. Rb4 Bc3 58.
Rb7 Bd4 59. Kd5 Bf6 60. Rd7 Bb2 61. Ke4 Bf6 62. Kf4 Kf8 63. Rb7 Kg8 64. Ke3
Kf8 65. Kd3 Kg8 66. Kc4 Kf8 67. Kd5 Kg8 68. Ra7 Bc3 69. Ke6 Bd4 70. Ra4 Bc3
71. Rc4 Bb2 72. h4 Kg7 73. Rf4 Bc3 74. Rf3 Bd4 75. Rf7+ Kg8 76. g4 hxg4 77.
Rf4 Bc3 78. Rc4 Be1 79. Rxg4 Kh7 80. Kf6 Kh6 81. Rxg6+ Kh5 82. Kf5 Kxh4 83.
Rg1 Ba5 84. Rg4+ Kh3 85. Kf4 Kh2 86. Kf3 Bb6 {#d} 1/2-1/2

[Event "British Championships"]
[Site "Sheffield ENG"]
[Date "2011.07.28"]
[Round "4"]
[White "Simon Kim Williams"]
[Black "Terence P D Chapman"]
[Result "1/2-1/2"]
[WhiteElo "2528"]
[BlackElo "2242"]

1. d4 Nf6 2. c4 c5 3. d5 b5 4. cxb5 a6 5. Nc3 axb5 6. e4 b4 7. Nb5 d6 8. Bc4
Nbd7 9. Nf3 Nb6 10. Bd3 g6 11. a4 Bg7 12. O-O O-O 13. Nd2 e6 14. Nc4 Nxc4 15.
Bxc4 e5 16. Bd3 Ne8 17. Ra2 f5 18. exf5 gxf5 19. f4 e4 20. Bc4 Rf7 21. b3 Ba6
22. Qe2 Bxb5 23. axb5 Bd4+ 24. Kh1 Nf6 25. Ra6 Rb8 26. Qe1 Rg7 27. Qh4 Rg4 28.
Qh3 Kh8 29. Be2 Qd7 30. b6 Rg6 31. Ra7 Rb7 32. Rxb7 Qxb7 33. Qxf5 Qxb6 34. g4
Qb7 35. g5 Qxd5 36. Qxd5 Nxd5 37. f5 Rg8 38. Bc4 Nc3 39. Bxg8 Kxg8 40. h4 e3
41. Re1 Ne4 42. Kg2 Nd2 43. Bxd2 exd2 44. Rd1 Bc3 45. Kf3 d5 46. Ke2 c4 47. f6
cxb3 48. Rf1 b2 49. Kd3 Kf7 50. Kc2 h6 51. g6+ Kxg6 52. f7 d1=Q+ 53. Rxd1 Kxf7
54. Rxd5 Ke6 55. Rh5 Bg7 56. Rb5 b3+ 57. Rxb3 Kf5 58. Rb4 Bf6 59. h5 Kg5 60.
Rb5+ Kg4 61. Kd3 Bg5 62. Rxb2 Kxh5 63. Ke4 Kg6 64. Rb6+ Kf7 65. Kf5 Ke7 66.
Ke5 Kd7 67. Ra6 Kc7 68. Kd5 Kb7 69. Rc6 Be3 70. Re6 Bg5 71. Rc6 Be3 72. Rc4
Bd2 73. Kc5 Be3+ 74. Kb5 Bg5 75. Rc3 Bf4 76. Rf3 Bc7 77. Rf7 h5 78. Rh7 h4 79.
Rxh4 Bb8 80. Rh7+ Ka8 81. Kb6 Bg3 82. Ra7+ Kb8 83. Rf7 Kc8 84. Rb7 Kd8 85. Kc6
Ke8 86. Rg7 Be5 87. Rh7 Bf4 88. Rh4 Bg3 89. Rh3 Bf4 90. Rf3 Bh2 91. Rf2 Bg3
92. Rg2 Bf4 93. Re2+ Kd8 94. Re4 Bg3 95. Rg4 Bh2 96. Rg7 Bf4 97. Rh7 Bg3 98.
Rd7+ Ke8 99. Rg7 Bf4 100. Rg4 Bh2 101. Rg2 Bf4 102. Kd5 Ke7 103. Rf2 Bg3 104.
Rf3 Bh2 105. Rh3 Bf4 106. Ke4 Bb8 107. Rd3 Ke6 108. Rb3 Bh2 109. Rb6+ Ke7 110.
Kd5 Bg3 111. Re6+ Kf7 112. Re3 Bh2 113. Rh3 Bb8 114. Rh6 Bg3 115. Ke4 Ke7 116.
Rh3 Bb8 117. Rh7+ Ke6 118. Rh6+ Ke7 {#d} 1/2-1/2

[Event "Asian Women Continental Chess Championship"]
[Site "Ho Chi Minh"]
[Date "2012.05.11"]
[Round "7"]
[White "Thi Kim Phung Vo"]
[Black "Chelsie Monica Sihite"]
[Result "1-0"]
[WhiteElo "2155"]
[BlackElo "2181"]

1. d4 Nf6 2. Nf3 e6 3. e3 c5 4. Be2 b6 5. O-O Be7 6. b3 O-O 7. Bb2 d6 8. Nbd2
a5 9. dxc5 bxc5 10. e4 e5 11. a4 Nc6 12. Re1 Qc7 13. h3 Bb7 14. Bc4 Nd4 15.
Bd3 Nd7 16. c3 Nxf3+ 17. Nxf3 Nb6 18. Nd2 Kh8 19. Qe2 Bf6 20. c4 Nc8 21. Nb1
Ne7 22. Nc3 Nc6 23. Nb5 Qe7 24. Bc3 g6 25. Qb2 Bg7 26. f4 f6 27. f5 gxf5 28.
exf5 Bh6 29. Rad1 Rfd8 30. Bb1 Rd7 31. Re2 Rg8 32. Be4 Rg3 33. Be1 Re3 34.
Bxc6 Bxc6 35. Bf2 Rxh3 36. Rxd6 Rxd6 37. Nxd6 Qxd6 38. gxh3 Qd7 39. Be3 Bf8
40. Qc2 Qf7 41. Rf2 Qg7+ 42. Kf1 Qg3 43. Ke2 Qxh3 44. Qd2 Qg4+ 45. Kd3 Be4+
46. Kc3 Qg1 47. Qc1 Qg3 48. Kb2 h5 49. Qd2 Kg8 50. Rh2 Qg4 51. Bh6 Qg1 52.
Bxf8 Qb1+ 53. Ka3 Qa1+ 54. Qa2 Qxa2+ 55. Kxa2 Kxf8 56. Rxh5 Kg7 57. Kb2 Bd3
58. Kc3 Be4 59. Kd2 Bb1 60. Kc3 Be4 61. Rh2 Bxf5 62. Rd2 Be4 63. Rd8 f5 64.
Rc8 f4 65. Rxc5 Kf6 66. Rc8 Ke7 67. Kd2 Bf3 68. Rc5 Ke6 69. Rxa5 e4 70. Rb5
e3+ 71. Kd3 Bg2 72. Ke2 Kf6 73. Rb8 Ke5 74. c5 Bh3 75. Re8+ Be6 76. c6 Kd6 77.
Kf3 Bxb3 78. Kxf4 Bxa4 79. Rxe3 Bxc6 80. Re5 Bb7 81. Rg5 Bc6 82. Ke3 Be8 83.
Kd4 Bf7 84. Re5 Be6 85. Rh5 Ke7 86. Ke5 Bg8 87. Rh6 Kd7 88. Rd6+ Kc7 89. Rg6
Bb3 90. Kd4 Kd7 91. Rb6 Bf7 92. Rf6 Bb3 93. Rh6 Bf7 94. Ke5 Bg8 95. Rg6 Bb3
96. Rg3 Bc4 97. Rc3 Ba2 98. Rd3+ Kc6 99. Ra3 Bf7 100. Ra6+ Kb5 101. Rf6 Bb3
102. Kd4 Bd1 103. Rf1 Bg4 104. Kd5 Kb6 105. Rf4 Be2 106. Rb4+ Kc7 107. Kc5 Kd7
108. Rd4+ Kc8 109. Re4 Bf3 110. Rf4 Bg2 111. Kd6 Bh1 112. Rf7 Kb8 113. Rc7 Bb7
114. Kd7 Bf3 115. Kd8 Ba8 116. Rc8+ Kb7 117. Kd7 Ka7 118. Kc7 Be4 119. Re8 Bh7
120. Re7 Bg8 121. Kc6+ Ka6 122. Re8 {#r} 1-0

[Event "Russian Chess Championships Higher League"]
[Site "Tyumen RUS"]
[Date "2012.06.19"]
[Round "4"]
[White "Boris Grachev"]
[Black "Pavel Maletin"]
[Result "1/2-1/2"]
[WhiteElo "2680"]
[BlackElo "2596"]

1. c4 c5 2. Nf3 g6 3. d4 cxd4 4. Nxd4 Nc6 5. e4 Nf6 6. Nc3 d6 7. Nc2 Bg7 8.
Be2 Nd7 9. Bd2 a5 10. O-O Nc5 11. Na3 Nd4 12. Nab5 Nxb5 13. cxb5 O-O 14. f3 b6
15. Bg5 Be6 16. Qd2 Qd7 17. Bh6 Bxh6 18. Qxh6 Qb7 19. Rad1 f6 20. Rd4 Kh8 21.
f4 Bg8 22. f5 g5 23. h4 gxh4 24. e5 dxe5 25. Rg4 e6 26. Bf3 e4 27. Bxe4 Nxe4
28. Nxe4 Qe7 29. Rxh4 e5 30. Rd1 Rad8 31. Rxd8 Qxd8 32. Kh2 Qe7 33. Rg4 Bd5
34. Ng3 Rf7 35. Nh5 Bxa2 36. Rg6 Qf8 37. Nxf6 Qxh6+ 38. Rxh6 Kg7 39. Ng4 Rxf5
40. Rxb6 e4 41. Ne3 Rf2 42. Ra6 Rxb2 43. Rxa5 Be6 44. Kg3 Kf6 45. Kf4 Rb4 46.
Nc2 Rc4 47. Ra2 e3+ 48. Kxe3 Rc3+ 49. Kd4 Rg3 50. Ra6 Rxg2 51. Ne3 Rb2 52. Kc5
Rb1 53. b6 Ke5 54. Ra4 Bd7 55. Ra5 Ke6 56. Nc4 h5 57. Kd4 Rd1+ 58. Kc3 Rc1+
59. Kb3 Bc6 60. Rxh5 Rb1+ 61. Kc3 Bg2 62. Rg5 Bh1 63. Rg7 Bd5 64. Rg6+ Ke7 65.
Ne5 Be6 66. Nc6+ Kf7 67. Ne5+ Ke7 68. b7 Rxb7 69. Rg7+ Kf6 70. Rxb7 Kxe5 71.
Rb5+ Kf6 72. Kd4 Kg7 73. Ke5 Bg8 74. Rb7+ Kh8 75. Kf6 Bh7 76. Kf7 Bg8+ 77. Kg6
Bc4 78. Rd7 Ba2 79. Rd8+ Bg8 80. Kh6 {#d} 1/2-1/2

[Event "35th Barbera Open A"]
[Site "Barbera del Valles ESP"]
[Date "2012.07.06"]
[Round "3.5"]
[White "Daniel Alsina Leal"]
[Black "Jose Angel Guerra Mendez"]
[Result "1/2-1/2"]
[WhiteElo "2535"]
[BlackElo "2428"]

1. e4 c5 2. Nf3 d6 3. d4 cxd4 4. Nxd4 Nf6 5. Nc3 a6 6. Be3 e5 7. Nb3 Be6 8. h3
Nbd7 9. g4 h6 10. Qd2 Rc8 11. O-O-O b5 12. f4 Qc7 13. Kb1 Be7 14. Bg2 exf4 15.
Bxf4 Ne5 16. Bxe5 dxe5 17. Nd5 Bxd5 18. exd5 O-O 19. h4 Qd6 20. g5 Ng4 21. Bh3
h5 22. Na5 f5 23. gxf6 Bxf6 24. Bxg4 hxg4 25. Qg2 e4 26. Qxe4 g3 27. Nc6 Rce8
28. Qg4 Re3 29. h5 Rfe8 30. h6 g5 31. Qf5 Kh8 32. Rhf1 g2 33. Rg1 Re2 34. a3
a5 35. Qg6 Rg8 36. Qd3 Rge8 37. Qxb5 Kh7 38. Qd3+ Kh8 39. Qg6 Rg8 40. Qd3 Rge8
41. Qg6 Rg8 42. Qf5 Rge8 43. h7 Kg7 44. h8=Q+ Rxh8 45. Qf3 Rb8 46. Nxb8 Qxb8
47. Qb3 Qxb3 48. cxb3 Rxb2+ 49. Kc1 Rxb3 50. Rxg2 Rxa3 51. Re2 Rc3+ 52. Rc2
Kf7 53. Rxc3 Bxc3 54. Kc2 Bb4 55. Kb3 Ke7 56. Kc4 Kd6 57. Rg1 Bd2 58. Kd4 Bf4
59. Rg2 Kd7 60. Ra2 Bc7 61. Rg2 Bf4 62. Ke4 Ke7 63. Rc2 Kd7 64. Rc6 Bc7 65.
Rg6 Bf4 66. Ra6 Bc7 67. Kf5 Bf4 68. Rxa5 Kd6 69. Ke4 Kd7 70. Ra7+ Kd6 71. Ra6+
Kd7 72. Rg6 Ke7 73. Kd4 Kd7 74. Re6 Bd6 75. Rg6 Bf4 76. Ke4 Ke7 77. Ra6 Kd7
78. Ra1 Kd6 79. Ra2 Kd7 80. Rg2 Kd6 81. Kd4 Be5+ 82. Kc4 Bf4 83. Re2 Kd7 84.
Re6 Bd6 85. Kd4 Bg3 86. Re2 Bd6 87. Re3 Bf4 88. Rh3 Kd6 89. Ke4 Kd7 90. Rh6
Ke7 91. Kf5 Kd7 92. Re6 Bd2 93. Ra6 Bf4 94. Kf6 Bd2 95. Ke5 Bf4+ 96. Kd4 Bg3
97. Rf6 Bf4 98. Kc5 Be3+ 99. Kb5 Bf4 100. Re6 Bd6 101. Kb6 Bg3 102. Rg6 Bf4
103. Kb7 Be3 104. Ka6 Bf4 105. Kb5 Kc7 106. Re6 Bg3 107. Rg6 Bf4 108. d6+ Bxd6
109. Rxg5 Kb7 110. Rg6 Be5 111. Re6 Bg3 112. Re7+ Ka8 113. Rg7 Be5 114. Rf7
Bh2 115. Ka6 Bb8 116. Kb6 Be5 117. Rd7 Bb8 118. Rg7 Be5 119. Rg4 Bh2 120. Ra4+
Kb8 121. Rh4 Bc7+ 122. Kc6 Bg3 123. Rb4+ Ka8 124. Ra4+ Kb8 125. Ra3 Bh2 126.
Rb3+ {#d} 1/2-1/2

[Event "7th Wroclaw Open A"]
[Site "Wroclaw POL"]
[Date "2012.07.09"]
[Round "8.6"]
[White "Piotr Nguyen"]
[Black "Sergey Kasparov"]
[Result "1/2-1/2"]
[WhiteElo "2393"]
[BlackElo "2493"]

1. f4 d5 2. Nf3 Nf6 3. g3 g6 4. Bg2 Bg7 5. O-O O-O 6. d3 c5 7. c3 Nc6 8. Na3
b6 9. Qa4 Bb7 10. e4 e6 11. e5 Ne8 12. b4 Qd7 13. Qb3 d4 14. bxc5 Na5 15. Qb4
dxc3 16. cxb6 axb6 17. Qxc3 Nc7 18. Nc4 Nxc4 19. dxc4 Rfc8 20. Be3 Nd5 21. Qd2
Rxc4 22. Bf2 Qa4 23. Qd1 Bf8 24. Nd2 Rb4 25. a3 Rb2 26. Ne4 Qxd1 27. Rfxd1
Rxa3 28. Nf6+ Kg7 29. Rxa3 Bxa3 30. Nxd5 exd5 31. Bxd5 Bxd5 32. Rxd5 Kf8 33.
g4 Rb4 34. Rd8+ Kg7 35. Rd3 Bc1 36. Bh4 Rxf4 37. Bf6+ Rxf6 38. exf6+ Kxf6 39.
Kg2 Bf4 40. h4 h5 41. Rf3 Ke5 42. gxh5 gxh5 43. Rb3 Kf5 44. Rxb6 f6 45. Kf3
Bd2 46. Rb1 Bc3 47. Rf1 Be5 48. Rc1 Bd4 49. Rc4 Be5 50. Rc8 Bd4 51. Rh8 Kg6
52. Kf4 Be5+ 53. Ke4 Bc3 54. Rg8+ Kf7 55. Rg1 Ke6 56. Rf1 Kf7 57. Rc1 Be5 58.
Rg1 Bc3 59. Kf5 Bd4 60. Rg2 Bc3 61. Rg6 Be1 62. Rxf6+ Kg7 63. Rg6+ Kf7 64. Rh6
Bxh4 65. Rxh5 Bg3 66. Rh7+ Ke8 67. Rh3 Bf2 68. Ke6 Kd8 69. Rc3 Bg1 70. Rc2 Be3
71. Rc4 Bf2 72. Rf4 Bg3 73. Rg4 Bf2 74. Kd6 Kc8 75. Rb4 Bg3+ 76. Kc6 Kd8 77.
Rb7 Bf4 78. Rd7+ Ke8 79. Rd4 Bg3 80. Rg4 Bh2 81. Rg7 Bf4 82. Rh7 Bg3 83. Kd5
Kd8 84. Kc6 Ke8 85. Kd5 Kd8 86. Kc6 {#d} 1/2-1/2

[Event "FSGM July 2012"]
[Site "Budapest HUN"]
[Date "2012.07.09"]
[Round "3.2"]
[White "Pouya Idani"]
[Black "Dagur Arngrimsson"]
[Result "1/2-1/2"]
[WhiteElo "2473"]
[BlackElo "2366"]

1. d4 d5 2. c4 c6 3. Nf3 Nf6 4. Qb3 dxc4 5. Qxc4 g6 6. Nc3 Bg7 7. g3 O-O 8.
Bg2 Na6 9. O-O Be6 10. Qd3 Bf5 11. e4 Nc5 12. Qe2 Ncxe4 13. Re1 Qa5 14. Nh4
Nxc3 15. bxc3 Be6 16. Bd2 Rac8 17. a4 Rfe8 18. Qd3 Nd7 19. Qb1 Qb6 20. a5 Qxb1
21. Raxb1 b5 22. axb6 Nxb6 23. Ra1 c5 24. Rxa7 cxd4 25. cxd4 Bxd4 26. Nf3 Bf6
27. Ra6 Nc4 28. Bg5 Bc3 29. Rexe6 fxe6 30. Bh3 Rc5 31. Bxe6+ Kg7 32. Bd7 Rb8
33. Bxe7 Rc7 34. Rc6 Rxc6 35. Bxc6 Ne5 36. Nxe5 Bxe5 37. f4 Bd4+ 38. Kg2 Rb2+
39. Kh3 Bg1 40. Bg2 Kf7 41. Ba3 Re2 42. Bd5+ Kf6 43. Bg2 Kf5 44. Bf8 Ke6 45.
Bh6 Kf6 46. Bg5+ Kg7 47. Bd8 h6 48. Bh4 Rd2 49. Be7 Kf7 50. Bb4 Re2 51. Bd5+
Kf6 52. Bg2 g5 53. fxg5+ hxg5 54. Bf3 Rxh2+ 55. Kg4 Rc2 56. Ba5 Rc4+ 57. Kh5
Be3 58. Bd8+ Kg7 59. Bg4 Rc1 60. Bf5 Rg1 61. Bxg5 Bxg5 62. Kxg5 Rxg3+ 63. Kf4
Rb3 64. Be6 Rb5 65. Ke4 Kf6 66. Bc4 Ra5 67. Kd4 {#d} 1/2-1/2

[Event "5th Int ch-Central Serbia 2012"]
[Site "Paracin SRB"]
[Date "2012.07.10"]
[Round "5.16"]
[White "Ivan Martic"]
[Black "Akshat Chandra"]
[Result "1/2-1/2"]
[WhiteElo "2402"]
[BlackElo "2179"]

1. e4 c5 2. Nf3 Nc6 3. d4 cxd4 4. Nxd4 Qc7 5. Nc3 e6 6. Be3 a6 7. Qd2 Nf6 8.
f3 Bb4 9. Nb3 Ne5 10. O-O-O b5 11. Qe1 Be7 12. Kb1 Bb7 13. f4 Neg4 14. e5 Nxe3
15. Qxe3 Nd5 16. Nxd5 Bxd5 17. Rxd5 exd5 18. Bd3 O-O-O 19. Qd4 Qc6 20. a4 Kc7
21. axb5 axb5 22. f5 Ra8 23. Qg4 Ra4 24. Qxg7 Rha8 25. c3 Ra2 26. Nd4 Qc5 27.
Rc1 Ra1+ 28. Kc2 Rxc1+ 29. Kxc1 b4 30. Qxf7 bxc3 31. Nb5+ Kb6 32. Nxc3 d4 33.
Qxe7 dxc3 34. Qxc5+ Kxc5 35. f6 cxb2+ 36. Kxb2 h6 37. Bf5 Re8 38. f7 Rf8 39.
e6 dxe6 40. Bxe6 Kd6 41. Bc4 Ke7 42. Kc3 Rd8 43. g4 Rd1 44. h3 Kf8 45. Kc2 Rh1
46. Kd3 Rxh3+ 47. Ke4 Rh4 48. Kf4 h5 49. Be6 hxg4 50. Bxg4 Kxf7 51. Kg5 Rh1
52. Kf5 Re1 53. Kg5 Rf1 54. Bh3 Rf2 55. Bg4 Ke7 56. Bf5 Kd6 57. Kf6 Kd5 58.
Kg6 Ke5 59. Bd3 Rf6+ 60. Kg7 Ke6 61. Bc4+ Kf5 62. Bd3+ Kg5 63. Bc2 Rc6 64. Bb3
Rc7+ 65. Kh8 Kg6 66. Bg8 Rc5 67. Bh7+ Kf7 68. Bg8+ Kg6 69. Bh7+ Kf6 70. Bg8
Rg5 71. Bh7 Kf7 72. Bd3 Kf8 73. Bh7 Ke7 74. Bg8 Re5 75. Bh7 Kf6 76. Bg8 Kg6
77. Bh7+ Kh6 78. Bg8 Re7 79. Bb3 Rh7+ 80. Kg8 Rb7 81. Bc4 Rb8+ 82. Kf7 Rb4 83.
Bd5 Kh7 84. Kf6 Rf4+ 85. Ke5 Rf2 86. Be4+ Kg7 87. Bf5 Re2+ 88. Be4 Rf2 89. Bf5
Kh6 90. Kf6 Rf1 91. Ke5 Kg5 92. Be4 Re1 93. Kd4 Kf4 94. Bd3 Rd1 95. Kc4 Ke3
96. Bg6 Rd4+ 97. Kc5 Rg4 98. Bf7 Rg7 99. Bd5 Rd7 100. Bc6 Rd2 101. Bd5 Kf4
102. Kd6 Kf5 103. Kc5 {#d} 1/2-1/2

[Event "Chess Olympiad"]
[Site "Istanbul TUR"]
[Date "2012.08.28"]
[Round "1.21"]
[White "Mahmood Lodhi"]
[Black "Viktor Bologan"]
[Result "1/2-1/2"]
[WhiteElo "2358"]
[BlackElo "2734"]

1. d4 g6 2. e4 Bg7 3. Nf3 d6 4. h3 Nd7 5. Nc3 a6 6. a4 e6 7. Bc4 Ne7 8. O-O b6
9. Re1 h6 10. Be3 Bb7 11. Qd2 c6 12. Bf4 Qc7 13. Rad1 g5 14. Bh2 Ng6 15. Bb3
O-O 16. Ne2 Rad8 17. c3 c5 18. Ng3 Nf6 19. Bc2 cxd4 20. cxd4 Rc8 21. Rc1 Qd8
22. Nf1 Nh5 23. Bb1 Rxc1 24. Rxc1 Qd7 25. b3 Nhf4 26. Ne3 b5 27. axb5 Qxb5 28.
Nc4 Rd8 29. Bxf4 Nxf4 30. h4 Bf6 31. g3 Ng6 32. hxg5 hxg5 33. Na5 Ba8 34. Nh2
Bg7 35. Ng4 Rb8 36. Ne3 Qd7 37. d5 Ne5 38. Kg2 g4 39. Rh1 Rb5 40. Nac4 exd5
41. exd5 Rxb3 42. Qc2 Nxc4 43. Qxb3 Nxe3+ 44. fxe3 Bb7 45. Bh7+ Kf8 46. Rb1
Qb5 47. Qxb5 axb5 48. Rxb5 Ba6 49. Ra5 Be2 50. Be4 Ke7 51. Kf2 Bd1 52. Bd3 Be5
53. Be4 Kf6 54. Rb5 Ba4 55. Rb4 Bd7 56. Bd3 Ke7 57. Rb7 Kd8 58. Bb5 Bxb5 59.
Rxb5 Ke7 60. Rb4 f5 61. Rb8 Kf7 62. Rb7+ Kf6 63. Rd7 Bc3 64. Rxd6+ Ke5 65. Rd7
Bb4 66. Rf7 Bd6 67. Kg2 Ke4 68. Rf6 Ke5 69. Rg6 Kxd5 70. e4+ fxe4 71. Rxg4 Kd4
72. Rg6 Be5 73. Ra6 Kd5 74. g4 Bf4 75. g5 Ke5 76. Ra5+ Ke6 77. Kh3 Bd2 78.
Ra6+ Kf5 79. g6 Bc3 80. Kg3 Bf6 81. Kf2 Kxg6 82. Ke3 Kf5 83. Ra5+ Be5 84. Rb5
Kf6 85. Kxe4 Bc3 86. Rf5+ Ke6 87. Rc5 Bb2 88. Rc6+ Ke7 89. Kd5 Kf7 90. Re6 Bc3
91. Kd6 Bb2 92. Kd7 Bc3 93. Re3 Bb2 94. Rf3+ Kg6 95. Ke6 Kg5 96. Kd5 Ba1 97.
Ke4 Kg6 98. Rb3 Kf7 {#d} 1/2-1/2

[Event "Chess Olympiad"]
[Site "Istanbul TUR"]
[Date "2012.09.01"]
[Round "5.27"]
[White "Milan Orsag"]
[Black "Mika Karttunen"]
[Result "1/2-1/2"]
[WhiteElo "2405"]
[BlackElo "2448"]

1. d4 f5 2. Nf3 Nf6 3. g3 g6 4. Bg2 Bg7 5. b3 O-O 6. Bb2 c6 7. O-O Na6 8. c4
Ne4 9. Nbd2 d5 10. e3 Be6 11. Qe2 h6 12. cxd5 Bxd5 13. Nc4 g5 14. Ne1 Nf6 15.
f3 f4 16. Ne5 Nh5 17. exf4 gxf4 18. g4 Bxe5 19. Qxe5 Ng7 20. Nd3 Qd6 21. Rae1
Rf7 22. Rf2 Rd8 23. Rfe2 Nc7 24. Kf2 a5 25. h4 a4 26. bxa4 Bc4 27. Rd2 Bxd3
28. Qxd6 exd6 29. Rxd3 Ra8 30. Ra3 Nd5 31. Bf1 Ne3 32. Bd3 Ne6 33. Rb1 d5 34.
a5 Rc7 35. Bc3 c5 36. dxc5 Nxc5 37. Bf5 Nc4 38. Rab3 Nxb3 39. Rxb3 Ra6 40. Rb5
Kf7 41. Bd4 Nd6 42. Rxd5 Nxf5 43. Rxf5+ Ke6 44. Rxf4 Rxa5 45. Re4+ Kf7 46. Re2
Rc4 47. Be3 Rca4 48. Bxh6 Rxa2 49. Rxa2 Rxa2+ 50. Ke3 b5 51. Kd4 Rc2 52. Kd3
Rf2 53. Kc3 Rxf3+ 54. Kb4 Rf6 55. Be3 Re6 56. Bc5 Re4+ 57. Kxb5 Rxg4 58. Kc6
Rxh4 59. Kd5 Rh6 60. Bd4 Ke7 61. Kc4 Kd6 62. Kb3 Kd5 63. Bg7 Rh3+ 64. Kc2 Rg3
65. Bh8 Ke4 66. Kc1 Rg2 67. Bf6 Kd3 68. Bh8 Rc2+ 69. Kb1 Rh2 70. Bg7 Rh5 71.
Bf6 Rh7 72. Be5 Rf7 73. Bh8 Kd2 74. Kb2 Rb7+ 75. Ka3 Kd3 76. Bf6 Kc4 77. Bh8
Rb3+ 78. Ka2 Kb4 79. Bg7 Ka4 80. Bf6 Rf3 81. Bg7 Rf2+ 82. Kb1 Rg2 83. Bf6 Rg6
84. Bh8 Rc6 85. Kb2 Kb4 86. Bg7 Rg6 87. Bh8 Rg2+ 88. Kc1 Kc4 89. Bf6 Kd3 90.
Bh8 Rc2+ 91. Kb1 Kd2 92. Bg7 Rc8 93. Bf6 Rf8 94. Bg7 Rf7 95. Bh8 Rb7+ 96. Ka2
Kd3 97. Ka3 Kc4 98. Bf6 Rb3+ 99. Ka2 Kb4 100. Bg7 Rg3 101. Bh8 Rg6 102. Kb2
Rg2+ 103. Kc1 Kc4 104. Bf6 Rg6 105. Bh8 Rh6 106. Bg7 Rh7 107. Bf6 Kd3 108. Kb2
Rc7 {#d} 1/2-1/2

[Event "Chess Olympiad"]
[Site "Istanbul TUR"]
[Date "2012.09.01"]
[Round "5.51"]
[White "Warren Elliott"]
[Black "Martyn Del Castilho"]
[Result "1/2-1/2"]
[WhiteElo "2250"]
[BlackElo "2260"]

1. d4 Nf6 2. c4 g6 3. Nc3 d5 4. cxd5 Nxd5 5. e4 Nxc3 6. bxc3 Bg7 7. Bc4 O-O 8.
Ne2 c5 9. Be3 Nc6 10. Rc1 Qc7 11. h4 Bd7 12. h5 Rad8 13. hxg6 hxg6 14. Qd2
cxd4 15. cxd4 Qa5 16. Rc3 Qb4 17. Bh6 Qb1+ 18. Rc1 Qb4 19. Nc3 Bxd4 20. Bxf8
Kxf8 21. Nd1 Qxd2+ 22. Kxd2 Na5 23. Bd3 Be6 24. Rc2 a6 25. Ke2 b5 26. Ne3 Bf6
27. f4 Rd4 28. e5 Bg7 29. g3 Ra4 30. Nd5 Nc4 31. Bxc4 bxc4 32. Rb1 f6 33. exf6
Bxd5 34. Rb8+ Kf7 35. fxg7 Kxg7 36. Ke3 Ra3+ 37. Kd4 Be6 38. Re2 Kf7 39. Rb6
Bg4 40. Re3 Rxa2 41. Kxc4 e6 42. Kc5 Kf6 43. Rb8 Bf5 44. Rbb3 Bh3 45. Ra3 Rc2+
46. Rec3 Rxc3+ 47. Rxc3 e5 48. fxe5+ Kxe5 49. Re3+ Kf5 50. Ra3 Kg4 51. Rxa6
Kxg3 52. Rxg6+ Kh4 53. Kd4 Bf5 54. Rg1 Kh5 55. Ke5 Bd3 56. Rg3 Bb5 57. Kf6 Bd7
58. Rg5+ Kh6 59. Rd5 Bc6 60. Rd6 Bb5 61. Rd5 Bc6 62. Rc5 Bd7 63. Ra5 Bc6 64.
Kf7 Bb7 65. Rb5 Bc8 66. Rb8 Bg4 67. Kf6 Kh7 68. Rb7+ Kh8 69. Rb2 Bf3 70. Rd2
Be4 71. Rd8+ Kh7 72. Rd4 Bb1 73. Rd8 Bc2 74. Rd7+ Kh8 75. Rd8+ Kh7 76. Rb8 Bd3
77. Rb3 Bc2 78. Rc3 Bb1 79. Rh3+ Kg8 80. Rg3+ Kh8 81. Rg2 Bd3 82. Rh2+ Kg8 83.
Rb2 Kh8 84. Rb4 Bh7 85. Rh4 Kg8 86. Rb4 Kh8 87. Rb8+ Bg8 88. Rb7 Bd5 89. Rd7
Bb3 90. Kg6 Bc2+ 91. Kh6 Bb3 92. Rg7 Bc4 93. Rg4 Bb3 94. Kg6 Bc2+ 95. Kh6 Bb3
96. Rd4 Ba2 97. Rd8+ Bg8 98. Rd7 Bb3 99. Ra7 Bc4 100. Rd7 Bb3 101. Re7 Ba2
102. Re3 Bf7 103. Rh3 Kg8 104. Rf3 Bd5 105. Re3 Bf7 106. Kg5 Kh8 107. Re7 Ba2
108. Re8+ Bg8 109. Kf6 Kh7 110. Re7+ Kh8 111. Kg6 Ba2 112. Rh7+ Kg8 113. Rb7
Kh8 114. Rb2 Bc4 115. Rh2+ Kg8 116. Rd2 Kh8 117. Rd4 Ba2 118. Rh4+ Kg8 119.
Rb4 Kh8 120. Rb8+ Bg8 121. Rxg8+ Kxg8 {#d} 1/2-1/2